00603nam a2200169Ia 4500008004100000100003400041245008100075245004800156260005900204260000900263300001000272650001800282650001500300856002600315999001900341952007300360170221s9999 xx 000 0 und d aNilanjana Pal Santoshi Halder aStudy on Communication Barriers in the Classroom: A Teacher’s Perspective  cNilanjana Pal Santoshi Halder, Abhijit Guha bOnline Journal of Communication and Media Technologies c2016 a6 : 1 xCommunication xMedia Arts uhttp://www.ojcmt.net/ c306895d306895 001040aCLbCLd2017-02-21l0r2017-02-21 00:00:00w2017-02-21yFOJ